000 00835nam a2200217 i 4500
001 45327
003 ES-MaACL
005 20250522202951.0
007 t|
008 030325s1932 it ||||1| spa d
245 0 0 _aCristóbal Colón
_b: documentos y pruebas de su origen genovés /
_c[Traducido en español por Juan Ramón Masoliver. Giuseppe Cappelli, Luigi Ziliani].
250 _aEd. hispano-francesa.
260 _a[Bérgamo :
_bOfficina dell'Istituto d'arti grafiche],
_c1932.
300 _aXXIII, 288 p., 2 h. con 177 lám. sepia, 3 color ;
_c40 cm.
500 _aTexto bilingüe frances y español.
600 1 4 _aColón, Cristóbal-
_xLugar de nacimiento.
_9164774
700 1 _aMasoliver, Juan Ramón,
_d1910-1997
_978748
700 1 _aZiliani, Luigi.
_9170134
852 _aES-MaACL
_jF-14883
999 _c45327
_d45327